Statistics for NBA 40 Point Game Duo

Click here to take the quiz!

General Stats

  • This quiz has been taken 1,016 times
    (286 since last reset)
  • The average score is 26 of 40

Answer Stats

DateTeamPlayerPTS% Correct
2023-03-02DALLuka Dončić42
99%
2024-01-15DALKyrie Irving42
97%
2023-03-02DALKyrie Irving40
97%
2022-10-28CLEDonovan Mitchell41
93%
1970-02-11LALJerry West43
93%
1982-03-06SASMike Mitchell45
92%
2019-02-22OKCRussell Westbrook43
91%
2012-02-19OKCRussell Westbrook40
91%
2012-03-23OKCRussell Westbrook45
91%
2015-10-30OKCRussell Westbrook48
91%
2023-02-24SACDe'Aaron Fox42
90%
2012-03-23OKCKevin Durant40
90%
2015-10-30OKCKevin Durant43
90%
2012-02-19OKCKevin Durant51
90%
2017-04-09MINKarl-Anthony Towns40
89%
2021-03-18MINKarl Anthony Towns41
89%
1996-02-18CHIMichael Jordan44
88%
1996-02-18CHIScottie Pippen40
88%
2019-02-22OKCPaul George45
85%
2019-12-13LACPaul George46
85%
2019-12-13LACKawhi Leonard42
84%
2021-03-18MINAnthony Edwards42
82%
1983-12-13DETIsiah Thomas47
63%
2024-01-15DALTim Hardaway Jr.41
61%
1983-12-13DENAlex English47
58%
1970-02-11LALElgin Baylor43
57%
2023-02-24SACMalik Monk45
56%
2017-04-09MINAndrew Wiggins41
53%
1982-03-06SASGeorge Gervin50
45%
2022-10-28CLECaris LeVert41
38%
1984-03-19UTAAdrian Dantley43
34%
1977-04-10NOJPete Maravich45
32%
1964-11-14BALGus Johnson41
23%
1978-01-05PHOWalter Davis40
18%
1983-12-13DENKiki Vandeweghe51
14%
1977-04-10NOJNate Williams41
13%
1978-01-05PHOPaul Westphal43
9%
1964-11-14BALWalt Bellamy40
4%
1984-03-19UTAJohn Drew42
2%
1983-12-13DETJohn Long41
2%

Score Distribution

Percentile by Number Answered

Percent of People with Each Score

Your Score History

You have not taken this quiz since the last reset